000 00650nam a2200253Ia 4500
003 OSt
005 20220918191117.0
006 a|||||r|||| 00| 0
007 ta
008 220917b |||||||| |||| 00| 0 eng d
024 _a61,518
037 _cTextual
040 _aARTS
_cARTS
_beng
041 _2eng
_aeng
082 _aQ6:3, L61
100 _aFlangan Donal
_974965
245 0 _aTheology of Mary
260 _aHales
_bConers Clergy Book Services
_c1976
300 _a104p.
_ccm.
490 _aTheology today series; 30
650 _aRELIGION
942 _hQ6:3, L61
_cTEXL
_2CC
999 _c188369
_d188369